Canadian Food - Sudden Death - Statistics

General Stats
  • This quiz has been taken 119 times
  • The average score is 6 of 16
Answers on the Grid
Answers color-coded by a green-red scale on the quiz's grid according to % correct below.
Cottage pie
White pudding
Poutine
Griot
Peameal bacon
Tourtière
Halifax donair
Choripán
Consommé
Montreal smoked meat
Hash browns
Butter tarts
Quiche
Quiaude
Shrimp and grits
Fish and brewis
Pâté chinois
Ramen
Flipper pie
Figgy duff
Gooey butter cake
Fricot
Date squares
Oreilles de crisse
Poutine râpée
Ragout fin
Key lime pie
Maple taffy
 
Answer Stats
Answer % Correct
Poutine
80%
Montreal smoked meat
64%
Maple taffy
59%
Poutine râpée
57%
Halifax donair
44%
Tourtière
41%
Butter tarts
35%
Peameal bacon
33%
Pâté chinois
28%
Oreilles de crisse
27%
Fish and brewis
21%
Flipper pie
20%
Figgy duff
19%
Date squares
17%
Quiaude
12%
Fricot
9%
No matching quizzes found
Score Distribution
Percent of People with Each Score
Percentile by Number Answered
Your Score History
You have not taken this quiz